000 01577nam a2200397 a 4500
001 ebr10592109
003 CaPaEBR
006 m u
007 cr cn|||||||||
008 840430s1983 gw sb 001 0dlat d
010 _z 84156227
020 _z3519012693
020 _z9783598712692
020 _z9783110934625 (e-book)
040 _aCaPaEBR
_cCaPaEBR
035 _a(OCoLC)811401867
041 0 _alat
_agrc
050 1 4 _aPA3965.D17
_bI5 1983eb
100 0 _aDidymus,
_cChalcenterus.
240 1 0 _aIn Demosthenem commenta
245 1 0 _aDidymi In Demosthenem commenta
_h[electronic resource] /
_cediderunt Lionel Pearson et Susan Stephens.
246 3 _aIn Demosthenem commenta
260 _aStutgardiae :
_bB.G. Teubner,
_c1983.
300 _axx, 87 p.
440 0 _aBibliotheca scriptorum Graecorum et Romanorum Teubneriana
500 _aGreek text with commentary in Latin.
504 _aIncludes bibliographical references (p. [xv]-xviii) and indexes.
533 _aElectronic reproduction.
_bPalo Alto, Calif. :
_cebrary,
_d2011.
_nAvailable via World Wide Web.
_nAccess may be limited to ebrary affiliated libraries.
600 0 0 _aDemosthenes
_xCriticism and interpretation.
650 0 _aSpeeches, addresses, etc., Greek
_xHistory and criticism.
655 7 _aElectronic books.
_2local
700 1 _aPearson, Lionel Ignacius Cusack.
700 1 _aStephens, Susan A.
710 2 _aebrary, Inc.
856 4 0 _uhttp://site.ebrary.com/lib/rucke/Doc?id=10592109
_zAn electronic book accessible through the World Wide Web; click to view
999 _c210559
_d210559